Normal view
MARC view
Entry Personal Name
001 - CONTROL NUMBER
- control field: 20436
003 - CONTROL NUMBER IDENTIFIER
- control field: ARRUPE
005 - DATE AND TIME OF LATEST TRANSACTION
- control field: 20151021151218.0
008 - FIXED-LENGTH DATA ELEMENTS
- fixed length control field: 151021|| aca||aabn | a|a d
040 ## - CATALOGING SOURCE
- Original cataloging agency: ARRUPE
- Transcribing agency: ARRUPE
100 ## - HEADING--PERSONAL NAME
- Personal name: Crane, Verner W.,
- Dates associated with a name: 1889-1974.
670 ## - SOURCE DATA FOUND
- Source citation: Work cat.: (ARRUPE)0: Crane, Verner W., 1889-1974., Benjamin Franklin, [1954]